Titres de chansons de la Compagnie créole - Clic Quiz - Statistiques

Statistiques générales
  • Ce quiz a été pris 96 fois
  • Le résultat moyen est 16 sur 20
Statistiques - réponses
Hint Réponse % Correct
Ca fait rire les Oiseaux
100%
C'est bon pour le Moral
99%
Le bal Masqué
98%
Vive le douanier Rousseau
96%
Couleur Café
95%
Bons baisers de Fort-de-France
94%
Soca party sur la Plage
93%
La nuit des Requins
92%
Au mariage de ma Femme
90%
Un cadeau du Ciel
88%
Ba moin en ti Bo
87%
Chaud au Cœur
87%
Collé Collé
85%
Le diable dans la Maison
85%
La bonne Aventure
70%
Ma première biguine Partie
67%
Scandale dans la Famille
55%
Invit'la à Zouker
40%
La machine à Danser
35%
Dans le Jumbo
19%
Aucun quiz correspondant
Distribution des résultats
% des personnes avec chaque résultat
Percentile par nombre de réponses
Votre historique - résultats
Vous n’avez pas pris ce quiz